Effect of drip irrigation on growth of immature rubber (Record no. 46946)
[ view plain ]
| 000 -LEADER | |
|---|---|
| fixed length control field | 01223nam a2200253Ia 4500 |
| 100 ## - MAIN ENTRY--AUTHOR NAME | |
| Personal name | Jessy M D |
| 245 #0 - TITLE STATEMENT | |
| Title | Effect of drip irrigation on growth of immature rubber |
| 260 ## - PUBLICATION, DISTRIBUTION, ETC. (IMPRINT) | |
| Name of publisher | Indian Journal of Natural Rubber Research |
| Year of publication | 2002 |
| 300 ## - PHYSICAL DESCRIPTION | |
| Number of Pages | 182-186 |
| 520 ## - SUMMARY, ETC. | |
| Summary, etc | In an experiment conducted at Punalur, Kerala, to study the effect of irrigation on the growth of immature rubber (Hevea brasiliensis) with drip irrigation at 25, 50, 75 and 100 per cent of crop evapotranspiration and a control without irrigation as the treatments, it was observed that irrigation at 50 per cent of the crop evapotranspiration was sufficient for improving the growth. Irrigation during the summer season increased the growth of rubber plants significantly. Irrigated plants maintained a higher leaf water status during summer season. |
| 650 ## - SUBJECT ADDED ENTRY--TOPICAL TERM | |
| Topical Term | Drip irrigation |
| 650 ## - SUBJECT ADDED ENTRY--TOPICAL TERM | |
| Topical Term | Drip irrigation |
| 650 ## - SUBJECT ADDED ENTRY--TOPICAL TERM | |
| Topical Term | Hevea brasiliensis |
| 650 ## - SUBJECT ADDED ENTRY--TOPICAL TERM | |
| Topical Term | Hevea brasiliensis |
| 650 ## - SUBJECT ADDED ENTRY--TOPICAL TERM | |
| Topical Term | Leaf water potential |
| 650 ## - SUBJECT ADDED ENTRY--TOPICAL TERM | |
| Topical Term | Leaf water potential |
| 700 ## - ADDED ENTRY--PERSONAL NAME | |
| Personal name | Dey S K |
| 700 ## - ADDED ENTRY--PERSONAL NAME | |
| Personal name | John Joseph |
| 700 ## - ADDED ENTRY--PERSONAL NAME | |
| Personal name | Mathew T P |
| 700 ## - ADDED ENTRY--PERSONAL NAME | |
| Personal name | Prathapan K |
| 700 ## - ADDED ENTRY--PERSONAL NAME | |
| Personal name | Punnoose K I |
| 942 ## - ADDED ENTRY ELEMENTS (KOHA) | |
| Koha item type | Articles |
| Withdrawn status | Lost status | Damaged status | Not for loan | Home library | Current library | Shelving location | Date acquired | Serial Enumeration / chronology | Koha item type |
|---|---|---|---|---|---|---|---|---|---|
| Articles | RRII Library | RRII Library | Agronomy | 20/12/2021 | Volume 15, Issue 2 | Articles |